MARC

LEADER 00000nkm^a2200000^a^4500
001 000373658
005 20250521000000.0
009 20260310120058.643
037 |a Acervo ITESO - Biblioteca 
041 |a GRA 
082 |a 720. 972  |b DIA VIV AGU V. 1 
100 |a Díaz Morales, Ignacio  |e (autor) 
240 1 1 |a [Obra residencial de Ignacio Díaz Morales] 
240 1 1 |a [Casa Aguilar Figueroa] 
245 1 0 |a Lote 5 de la manzana L en Chapalita :  |b propiedad del sr. José Aguilar : marzo de 1952 : escala 1 : 200 /  |c I. Díaz Morales. 
255 |a Escala 1 : 200 ;  |b Orientado con el norte a la derecha 
264 0 |a Guadalajara, México :  |b dibujo inédito,  |c 1952 marzo 
300 |a 1 copia 
300 |a 1 dibujo arquitectónico :  |b dibujo a lápiz ;  |c 35.5 x 47.5 cm. 
336 |a imagen fija bidimensional :  |b sti  |2 rdacontenido 
337 |a sin mediación  |b n  |2 rdamedio 
338 |a plano arquitectónico  |b nz  |2 rdasoporte 
545 0 |a El proyecto para la casa Aguilar Figueroa del arquitecto Ignacio Díaz Morales data de 1952 y el proyecto el arquitecto Ignacio Aguilar Valencia es de 1965. 
562 |a Libro o recurso maltratado 
649 |a XX 
650 |a Arquitectos Jaliscienses 
650 |a Arquitectos Mexicanos 
650 |a Artistas Jaliscienses 
650 |a Artistas Mexicanos 
650 |a Residencias -  |z Guadalajara, Jalisco 
650 |a Residencias -  |z México 
650 |a Vivienda -  |z Guadalajara, Jalisco 
650 |a Vivienda -  |z México 
650 |a Planos Arquitectónicos -  |x Tema Principal 
650 |a Planos Arquitectónicos -  |x Plantas 
650 |a Dibujo Arquitectónico 
650 |a Dibujo Técnico 
650 |a Representación Arquitectónica 
650 |a Diseño Arquitectónico 
650 |a Arquitectura Funcionalista -  |z Guadalajara, Jalisco 
650 |a Arquitectura Funcionalista -  |z México 
650 |a Arquitectura Moderna -  |z Guadalajara, Jalisco 
650 |a Arquitectura Moderna -  |z México 
650 |a Arquitectura Jalisciense -  |y Siglo XX 
650 |a Arquitectura Mexicana -  |y Siglo XX 
650 |a Arte Moderno -  |z Guadalajara, Jalisco 
650 |a Arte Moderno -  |z México 
650 |a Arte Jalisciense -  |y Siglo XX 
650 |a Arte Mexicano -  |y Siglo XX 
600 |a Díaz Morales, Ignacio 
910 |a Fondo Ignacio Díaz Morales 
920 |a Gráficos - Planos Arquitectónicos 
940 |a Arquitectos Jaliscienses 
905 |a 501 
901 |a 0500268112  |b IT2  |c ARQ  |u 20250521 
902 |a https://opac.biblio.iteso.mx/vufind/Record/000373658